000 01372nam0a22003011 4500
001 RU\NLR\INFOCOMM_241\5000005634
005 20250613091203.0
035 _a(NLR Aleph) 009095399
090 _a8068123
_c8068123
100 _a20090114d1989 |||y0rusy50 ca
101 0 _aeng
102 _aRU
105 _ay ||||000|y
200 1 _aInternational symposium "Basic trends in development of scientific and technological progress in milling, bakery and pasta production", 4-8 September, Moscow, 1989
_eTheses of rep.
210 _a[Μ.]
_d1989
215 _a13 с.
_d20 см
300 _aВ надзаг.: All-Union sci. research organization of grain products operators, USSR Min. of grain products
606 _aМакаронное производство
_xСъезды, совещания
_2nlr_sh1
606 _aМукомольное производство
_xСъезды, совещания
_2nlr_sh1
606 _aХлебопечное производство
_xСъезды, совещания
_2nlr_sh1
686 _aЛ82е431
_2rubbk
686 _aЛ83е431
_2rubbk
710 1 2 _a"Basic trends in development of scientific and technological progress in milling, bakery and pasta production", international symposium
_eMoscow
_f1989
_4070
801 1 _aRU
_bNLR
_c20090114
801 0 _aRU
_bNLR
_gPSBO
852 _aNLR
_jТ67 Д-4/78
942 _cBOOK
980 _aNB